00453nam a2200169Ia 4500003000400000005001700004008004100021020001800062040000700080041000800087082002200095100004400117245004200161260005000203300001700253365001300270OSt20230419104320.0210423s2012 xx 000 0 und d a9789350710593 cAL aeng a657.46223b SINV aSINGHANIA (Vinod K);SINGHANIA (Monica). aTaxmann students guide to income tax. aNew DelhibTaxmann Publications Pvt Ltdc2012 a1-17,445bPB b395cINR